| 000 | 00639nam a2200217 i 4500 | ||
|---|---|---|---|
| 001 | 21271 | ||
| 003 | ES-MaACL | ||
| 005 | 20230906152441.0 | ||
| 007 | t| | ||
| 008 | 021122s1984 xxk |||| | eng d | ||
| 020 | _a0-582-30118-1 | ||
| 100 | 1 |
_aAdams, A. E. _918378 |
|
| 245 | 1 | 0 |
_aAtlas of sedimentary rocks under the microscope / _cA.E. Adams, W.S. Mackenzie and C. Guilford. |
| 250 | _a1st ed. | ||
| 260 |
_aHarlow : _bLongman, _c1984. |
||
| 300 |
_a3 h., 104 p. : _bil. ; _c28 cm. |
||
| 650 | 4 |
_aRocas sedimentarias. _9165060 |
|
| 700 | 1 |
_aMackenzie, W. S. _975254 |
|
| 700 | 1 |
_aGuilford, C. _960701 |
|
| 852 |
_aES-MaACL _jL-8494 |
||
| 999 |
_c21271 _d21271 |
||